| 000 | 00692cam a2200205 i 4500 | ||
|---|---|---|---|
| 005 | 20251218094007.0 | ||
| 008 | 250721r2000 le gr 000 0 ara d | ||
| 082 | 1 | 4 |
_a217.6 _bخ ا د |
| 100 | 1 |
_aالخادمي، نور الدين _eمؤلف. |
|
| 245 | 1 | 2 |
_aالدليل عند الظاهرية / _cتاليف الدكتور نورالدين الخادمي. |
| 250 | _aالطبعة الاولى. | ||
| 264 | 3 | 1 |
_aبيروت : _bدار ابن حزم، _c2000. |
| 300 | _a567صفحة. | ||
| 650 | 1 | 7 | _aالفقه الإسلامي. |
| 650 | 1 | 7 | _aالقياس. |
| 650 | 1 | 7 | _aأصول الفقه. |
| 650 | 1 | 7 | _aأركان الإسلام. |
| 942 |
_2ddc _cBK |
||
| 999 |
_c2007 _d2007 |
||